Integer and combinatorial optimization

Guardat en:
Dades bibliogràfiques
Autors principals: Nemhauser, George L. (Autor), Wolsey, Laurence A (Autor)
Format: Llibre
Idioma:anglès
Publicat: Nueva York John Wiley 1999
Edició:1a. ed
Col·lecció:Wiley Interscience Series in Discrete Mathematics and Optimization
Matèries:
Etiquetes: Afegir etiqueta
Sense etiquetes, Sigues el primer a etiquetar aquest registre!

MARC

LEADER 00000cam a2200000 a 4500
001 UCM2156
003 CL-VaPUC
008 020425e19990000US |||||||||||||||||eng|d
020 |a 0471359432 
082 0 4 |a 519.77  |b NEM  |2 21 
100 |a Nemhauser, George L.  |e author  |9 468905 
700 0 |a Wolsey, Laurence A  |e author  |9 468906 
245 1 0 |a Integer and combinatorial optimization 
250 |a 1a. ed 
300 |a 763 p 
942 |c BK 
945 |d 20020425 00:00:00  |a vberengu 
260 |a Nueva York  |b John Wiley  |c 1999 
650 0 |a Optimización matemática  |9 259780 
650 7 |a PROGRAMACION ENTERA  |2 CL-VaPUC  |9 263744 
650 0 |a Optimización combinatoria  |9 263745 
583 |a last modification  |c 20180530 09:40:14  |k Rodrigo Vera 
490 0 |a Wiley Interscience Series in Discrete Mathematics and Optimization 
999 |c 300137  |d 300135 
952 |0 0  |1 0  |4 0  |6 519_770000000000000_NEM_1999  |7 0  |8 A  |9 357475  |a BIBING  |b BIBING  |d 2019-11-21  |i 381128K  |l 1  |o 519.77 NEM 1999  |p 381128K  |q 2020-09-30  |r 2020-08-03  |s 2020-08-03  |w 2019-11-21  |y BK  |k EII 
952 |0 0  |1 0  |3 erb  |4 0  |6 519_770000000000000_NEM_1999  |7 0  |8 A  |9 357476  |a BIBING  |b BIBING  |i 5473802  |o 519.77 NEM 1999  |p 5473802  |r 2025-01-20  |w 2019-11-21  |y BK  |z Catalogado en:20180531  |k CCI 
952 |0 0  |1 0  |3 erb  |4 0  |6 519_770000000000000_NEM_1999  |7 0  |8 A  |9 357477  |a BIBING  |b BIBING  |i 5473799  |o 519.77 NEM 1999  |p 5473799  |r 2025-01-20  |w 2019-11-21  |y BK  |z Catalogado en:20180531  |k CCI